000 00492 a2200169 4500
020 _a9780971313064
040 _aDLC
_bDLC
082 0 0 _a658.4/21
100 1 _aDollinger, Marc J.
245 1 0 _aEntrepreneurship : strategies and resources
_bstrategies and resources
_cMarc J. Dollinger.
250 _a3rd ed.
260 _aLombard, Ill. :
_bMarsh Publications,
_c2008.
300 _ap. cm.
650 0 _aNew business enterprises.
650 0 _aEntrepreneurship.
942 _cBK
_k658.421 DOL
_2ddc
999 _c4688
_d4688